000 00684nam a2200241 a 4500
999 _c5625
_d5625
001 5625
003 BD-JhCC
005 20171219110306.0
008 171219s1960 as a|||| ||a| 00| 0 eng d
035 _a(BD-JhCC)5625
040 _aBD-JhCC
_dBD-JhCC
041 _aeng
082 _a372.7
_bBRU 1960
100 _aBrueckner, Leo J.
245 _aMaking Number Discoveries /
_cLeo J. Brueckner, Elda L. Mertton and Foster E. Grossnickle
260 _aNew York :
_bHjolt, Rinnehart and Winston, Inc,
_c1960.
300 _a378 p. :
_bills;
_c25 cm.
650 _aArithmetic
700 _aMertton, Elda L.
700 _aGrossnickle, Foster E.
942 _2ddc
_cBK